01476cam a2200373 a 450000100100000000500170001000800410002702000290006802000250009704000180012208200190014024500680015926000610022730000260028849000430031450400420035765000450039965000720044465000570051670000310057370000260060470000300063070000350066070000260069570000340072170000350075570000330079070000250082370000310084883000520087991000340093195201220096599900150108700000666320200929153954.0930519s1992 ec b 000 0 spa  a9978840257 (colección) a997884158X (vol. 36) aDO-SdBNPcDLC a370.196bA973p00aPueblos indios, estado y derecho /cEnrique Ayala ... [et al.]. aQuito, Ecuador :bCorporación Editora Nacional,c1992. a226, [1] p. ;c21 cm.1 aBiblioteca de ciencias socialesvv. 36 aIncluye referencias bibliográficas. 4aEtnologíaxCondiciones sociales918527 4aIndios de sur américaxEstatus legal, leyes, etc.zEcuador918528 4aMinoriasxEstatus legal, leyes, etc.zEcuador9185291 aCruz, Rodrigo de la9185301 aKowii, Ariruma9185311 aMaldonado, Luis E.9185321 aOrtíz Crespo, Gonzalo9185331 aQuimbo, José9185341 aValarezo, Galo Ramón9185351 aSánchez Parga, José9185361 aTrujillo, Julio Cesar9185371 aWray, Alberto9185381 aAyala Mora, Enrique918049 0aBiblioteca de ciencias sociales ;vv. 36918539 aCatalogación por copia / LC 001052708MOaGRbGRcCTd2009-09-01iLF1l0o370.196 A973pp6663-10r2020-06-25w2020-06-25y2ZPréstamo interno c6452d6452